000 00564nam a2200217Ia 4500
999 _c11698
_d11698
082 _a304.666072 KAR-C
100 _aKar, Snehendu B.
245 0 _aCommunication research in family planning: an analytical framework
250 _a2nd
260 _aParis
_bUnesco
_c1975
300 _a55p.
650 _aSociology
650 _aBirth control
650 _aCommunication - Research
650 _aFamily policy
650 _aFamily policy
650 _aSocial psychology
700 _aKar, Barbara B.
700 _aDemangone, Diane M.
942 _cBK
_2ddc